000 00779cas a2200217 a 4500
003 DLC
005 20250612095747.0
008 250612c2009 mx|mr|p|r|||| 00| 0 spa d
035 _aUPN01000061154
040 _aMX-MxUPN
_bspa
_cMX-MxUPN
_eaacr2
245 0 0 _aAlas para la equidad :
_bórgano informativo del Consejo Nacional de Fomento Educativo
260 _aDistrito Federal, México :
_bConsejo Nacional de Fomento Educativo,
_c1994-
310 _aBimestral
520 3 _aEs una publicación de divulgación que aborda temas relacionados con la equidad e igualdad de género en el ámbito educativo.
650 4 _aEquidad de género
_94872
650 2 _aIgualdad
_91585
902 _aGloria Jiménez/120625
905 _aRevista
942 _cREV-I
999 _c60796
_d60796